000 00485nam a2200169Ia 4500
999 _c29556
_d29556
003 OSt
005 20201125160149.0
008 190216s9999||||xx |||||||||||||| ||und||
040 _coclc
082 _a920
_bPIL/V
100 _aPillai, Parameswaran
_96736
245 0 _aVeeracharithangal /
_cParameswaran Pillai
260 _bVidyarthimithram,
_aKottayam;
_c1999.
300 _a51p
650 _aMalayalam Biography
942 _cBK
_2ddc
_h920
_iPIL/V
_k920
_mPIL/V